000 02151nam0a2200349 i 4500
001 RU\NLR\BIBL_A\010973444
005 20241102203441.0
010 _a9785943387715
_9110
021 _aRU
_b2016-2340
_9141
035 _a(NILC)RuMoRGB-008120084
035 _a(NLR Aleph) 010973444
090 _a10835577
_c10835577
100 _a20160208d2015 k y0rusy50 ca
101 0 _arus
_deng
102 _aRU
105 _aa z 000yy
200 1 _aПроблемы и мониторинг природных экосистем
_eII Международная научно-практическая конференция, октябрь 2015 г.
_eсборник статей
_f[под общ. ред. к.б.н., доц. Володькиной О.А.]
210 _aПенза
_cМНИЦ ПГСХА
_d2015
215 _a151 с.
_cил.
_d20
300 _aВ надзаг.: М-во лесного охотничьего хоз-ва и природопользования Пензенской обл., ФГБОУ "Пензенская гос. с.-х. акад.", Каф. "Растениеводство и лесное хоз-во", Балашовский ин-т, ФГБОУ ВПО "Саратовский гос. ун-т им. Н.Г. Чернышевского", Фил. ФБУ "Рослесозащита" [и др.]
300 _aРез. на англ. яз.
320 _aБиблиогр. в конце ст.
606 _aЭкологические системы лесные
_jСъезды, совещания и т.п
_xМониторинг
_91672885
_3RU\NLR\AUTH\66742106
675 _a574
686 1 _aП342.5я431(0)
702 1 _aВолодькина
_bО. А.
_gОльга Анатольевна
_4340
711 1 2 _a"Проблемы и мониторинг природных экосистем", международная научно-практическая конференция
_d2
_eПенза
_f2015
_9505801
_3RU\NLR\AUTH\880420415
801 0 _aRU
_bРГБ
_c20160120
_gRCR
942 _cBOOK
980 _aNBR